| 000 | 00598nam a22001937a 4500 | ||
|---|---|---|---|
| 005 | 20251108175743.0 | ||
| 008 | 250721s2013 xx 000 0 ara d | ||
| 082 | 1 | 4 | _aط/ق/حرك |
| 100 | 1 |
_aالحركه، سناء علي _eمؤلف |
|
| 245 | 1 | 0 | _aأنا كبير / |
| 264 | 1 |
_aبيروت - لبنان : _bدار النهضة العربية، _c2013. |
|
| 300 | _a15ص. | ||
| 650 | 1 | 7 | _aادب اطفال |
| 650 | 1 | 7 | _aالتعلم |
| 653 | _aاطفال ما قبل المدرسة(0-5)سنوات | ||
| 700 | 1 |
_aالامام، بسام _eرسام |
|
| 942 |
_2ddc _cBK |
||
| 999 |
_c141589 _d141589 |
||